Equipe du Réal Madrid 2025/2026 - Statistiques

Statistiques générales
  • Ce quiz a été pris 73 fois
  • Le résultat moyen est 17 sur 24
Statistiques - réponses
Numéro Joueur % Correct
10. Kylian Mbappé
98%
1. Thibaut Courtois
95%
7. Vinicius Junior
93%
6. Eduardo Camavinga
92%
11. Rodrygo
88%
14. Aurelien Tchouaméni
86%
8. Federico Valverde
85%
22. Antonio Rüdiger
78%
5. Jude Bellingham
78%
2. Dani Carvajal
76%
3. Éder Militão
75%
23. Ferland Mendy
75%
13. Andriy Lunin
71%
15. Arda Güler
68%
4. David Alaba
68%
20. Fran García
63%
16. Gonzalo Garcia
61%
21. Brahim Diaz
58%
18. Álvaro Carreras
56%
24. Dean Huijsen
53%
17. Raúl Asencio
53%
19. Dani Ceballos
51%
12. Trent Alexander-Arnold
51%
25. Franco Mastantuono
47%
Aucun quiz correspondant
Distribution des résultats
% des personnes avec chaque résultat
Percentile par nombre de réponses
Votre historique - résultats
Vous n’avez pas pris ce quiz